Software engineering (Record no. 32688)

MARC details
000 -LEADER
fixed length control field 00478nam a2200181Ia 4500
008 - FIXED-LENGTH DATA ELEMENTS--GENERAL INFORMATION
fixed length control field 230917s9999||||xx |||||||||||||| ||und||
020 ## - ISBN
Price RS929
040 ## - CATALOGING SOURCE
-- 257776
Original cataloging agency VIVEKANANDA LIBRARY
041 ## - Language
-- English
082 ## - DDC NUMBER
Classification number 005.1 S55S(10)
100 ## - MAIN ENTRY--PERSONAL NAME
Personal name Sommerville, Ian
245 #0 - TITLE STATEMENT
Title Software engineering
250 ## - EDITION STATEMENT
Edition statement 10th ed.
260 ## - PUBLICATION, DISTRIBUTION, ETC. (IMPRINT)
Place of publication, distribution, etc Noida
Name of publisher, distributor, etc Pearson India Education Services
Date of publication, distribution, etc 2019
300 ## - PHYSICAL DESCRIPTION
Pages 808 p.
500 ## - GENERAL NOTE
General note 3598 10/09/2019 PBA19/502 14/09/2019 Main Budget
942 ## - ADDED ENTRY ELEMENTS (KOHA)
Koha item type Books
Holdings
Withdrawn status Lost status Damaged status Not for loan Location (home branch) Sublocation or collection (holding branch) Date acquired Koha issues (times borrowed) Koha full call number Accession No. Koha date last seen Koha item type
        VIVEKANANDA LIBRARY VIVEKANANDA LIBRARY 29/10/2019   005.1 S55S(10) 389247 17/09/2023 Books
        VIVEKANANDA LIBRARY VIVEKANANDA LIBRARY 29/10/2019   005.1 S55S(10) 389248 17/09/2023 Books
        VIVEKANANDA LIBRARY VIVEKANANDA LIBRARY 29/10/2019   005.1 S55S(10) 389249 17/09/2023 Books
        VIVEKANANDA LIBRARY VIVEKANANDA LIBRARY 29/10/2019 1 005.1 S55S(10) 389250 03/02/2024 Books
        VIVEKANANDA LIBRARY VIVEKANANDA LIBRARY 29/10/2019   005.1 S55S(10) 389251 17/09/2023 Books
© Designed and Maintained by Vivekananda Library, MDU Rohtak